000 00445cam a22001337a 4500
008 180718b1988 xxu||||| |||| 00| 0 eng d
082 _aA81x54 In2/81/18/PT9/2
100 _aCensus of India 1981
245 _aRajasthan: special tables for scheduled castes
260 _aDelhi
_bThe Controller of Publications
_c1988
300 _a1425+p.
440 _aCensus of India 1981. Series-18, Rajasthan. Part-IX (ii)
500 _aContents: Tables 3 to 6
999 _c483258
_d483258